| 000 | 00430cam a2200157ua 4500 | ||
|---|---|---|---|
| 020 | _c3.90 | ||
| 041 |
_aeng _h |
||
| 082 |
_a574.192 _bMCE/CE |
||
| 100 | _aMcelroy, William D . | ||
| 245 |
_aCellular physiology and biochemistry / _cWilliam D Mcelroy. _hTextual Documents |
||
| 260 |
_aNew Delhi : _bPrentice Hall of India Pvt Ltd. , _c1963. |
||
| 300 | _a120 ; . | ||
| 365 | _a3.90 | ||
| 942 | _cBK | ||
| 999 |
_c9295 _d9295 |
||